Špecialistka

Bibliographic Details
Main Author: Meyer, Stephenie, 1973- (Author)
Other Authors: Baluchová, Veronika (Translator)
Format: Book
Language:Slovak
English
PhysicalDescription:524 strán 22 cm
Published: V Prahe Egmont 2017
ISBN:9788025241516
Edition:Prvé vydanie
Subjects:

MARC

LEADER 00000cam a2200000 4500
001 vtls011724247
003 SK-MaSNL
005 20260301044156.0
008 210906s2017 xr dr 000 f slo
015 |a SNBZSA2020/08 
020 |a 9788025241516  |q (viazané) 
035 |a urn:nbn:sk:snk-am00fiz6 
035 |a urn:nbn:sk:snk-am3ium5 
035 |a E0C7E26B-84E1-416B-98C2-EF4131E5CBDC 
040 |a SNK  |b slo  |c SNK  |e rda 
041 1 |a slo  |h eng 
044 |a xr  |c CZ 
072 7 |a 821.111(73)-3  |x Americká próza  |2 konspekt 
080 |a 821.111(73)-31  |2 2011 
080 |a (0:82-312.4)  |2 2011 
100 1 |a Meyer, Stephenie,  |d 1973-  |4 aut  |9 119778 
240 1 4 |a The Chemist  |l Slovensky 
245 1 0 |a Špecialistka  |c Stephenie Meyerová ; preložila Veronika Baluchová 
246 1 |i Obálkový podnázov:  |a Thriller 
250 |a Prvé vydanie 
264 1 |a V Prahe  |b Egmont  |c 2017 
300 |a 524 strán  |c 22 cm 
336 |a text  |b txt  |2 rdacontent 
337 |a bez média  |b n  |2 rdamedia 
338 |a zväzok  |b nc  |2 rdacarrier 
521 8 |a Pre čitateľov od 16 rokov 
655 7 |a americké romány  |2 SNKPH  |9 1174 
655 7 |a trilery (romány)  |2 SNKPH  |9 151146 
655 7 |a American fiction  |2 SNKPHeng  |9 281076 
655 7 |a Thrillers (novels)  |2 SNKPHeng  |9 310918 
700 1 |a Baluchová, Veronika  |4 trl  |9 171359 
710 2 |a Egmont (Praha, Česko)  |4 pbl  |9 244522 
752 |a Česko  |d Praha 
919 |a 978-80-252-4151-6 
958 |a LX 
958 |a UP 
958 |a ZS 
968 |b ENG 
999 |c 595384  |d 597314 
952 |a SNK  |b SNK  |y PREZ  |7 0  |p 17A1416723  |o snkSC 188152  |i snk2020/5221  |8 4  |g 17.28  |0 0  |1 0  |4 0  |d 2019-04-25  |f 1  |l 0  |r 2026-02-23 15:37:14  |w 2026-02-23